00823nam a2200229Ia 450000500170000000800410001702000150005808200210007310000390009424500780013325000190021130000410023065000390027165000490031065000500035970000330040926400280044233600270047033700330049733800280053004000350055820220317000544.0160601s2004 sp a 000 0 spa  a847702159704aR 808.8703bB32d1 aBierce, Ambrose Gwinnetd1842-191413aEl diccionario del diablo cAmbrose Bierce ; traducción Eduardo Stilman a5a. edición  a286 páginasbilustraciones c19 cm142LEMBaDiccionarios y enciclopedias142LEMBaHumorxAnécdotas, chistes, sátiras142LEMBaDiabloxAnécdotas, chistes, sátiras1 aStilman, Eduardoetraductor  aMadrid bValdemarc2004 atextobtxt2rdacontent asin mediaciónbn2rdamedia avolumenbnc2rdacarrier aCO-BoRNBPbspaerdacCO-BoRNBP